Computer and information security handbook
This comprehensive reference on computer security offers deep coverage of a wide range of issues in computer and cyber security theory, applications, and best practices
Kaydedildi:
| Materyal Türü: | Kitap |
|---|---|
| Dil: | Undetermined |
| Baskı/Yayın Bilgisi: |
Cambridge, MA
Morgan Kaufmann Publishers, an imprint of Elsevier
2017
|
| Konular: | |
| Etiketler: |
Etiketle
Etiket eklenmemiş, İlk siz ekleyin!
|
| Thư viện lưu trữ: | Trung tâm Học liệu Trường Đại học Cần Thơ |
|---|
| LEADER | 00714nam a2200181Ia 4500 | ||
|---|---|---|---|
| 001 | CTU_236296 | ||
| 008 | 210402s9999 xx 000 0 und d | ||
| 082 | |a 005.8 | ||
| 082 | |b C738 | ||
| 245 | 0 | |a Computer and information security handbook | |
| 245 | 0 | |c Edited by John R. Vacca | |
| 260 | |a Cambridge, MA | ||
| 260 | |b Morgan Kaufmann Publishers, an imprint of Elsevier | ||
| 260 | |c 2017 | ||
| 520 | |a This comprehensive reference on computer security offers deep coverage of a wide range of issues in computer and cyber security theory, applications, and best practices | ||
| 650 | |a Bảo mật máy tính,Computer security | ||
| 910 | |b dqhieu | ||
| 980 | |a Trung tâm Học liệu Trường Đại học Cần Thơ | ||